Quizzes
Events
Quiz Creation
Community
Videos
Private Events
Remove Ads
Sign In
Join for FREE
Feedback
Dark Mode
Quiz Categories
Sports
Geography
Music
Movies
Television
Just For Fun
Miscellaneous
History
Literature
Language
Science
Gaming
Entertainment
Religion
Holiday
For Kids
Quiz Lab
Recent
Popular Today
Quiz Kudos Today
Editor Picks
Curator Picks
Quizzes by...
Day
Popularity
Type
Ratings
Length
Year
Community
Subscriptions
Recent Discussions
Orange Saloon
Badges
Playlists
Quests
Create
Leaderboards
Showdown
Live 5
Trivia Bingo
Activity
Puzzle Library
Sporcle Events
Private Events
Virtual Trivia
Globe League
Become a Host
Pub Owners
SporcleCon
Opinionation
Our Games
Videos
Blog
Mobile Apps
Partnerships
Remove Ads and Go Orange
Feedback
Music
Pop Music
The Beatles
Song
Album
Lyrics
Bands
Singers
Artist
Clip
Rock
Rap
Classical
Billboard
Country Music
Kpop
Taylor Swift
Music
Pop Music
The Beatles
Song
Album
Lyrics
Bands
Singers
Artist
Clip
Rock
Rap
Classical
Billboard
Country Music
Kpop
Taylor Swift
Random Quiz
Search Sporcle
×
Quiz Lab
Quiz Lab
Music
Artist
Type in answers that appear in a list
Type in answers that appear in a list
Classic
Best Score? Go Orange.
Lyrics in more scholarly language Stats
Can you name the Lyrics in more scholarly language?
By
thomasdim95
7m
20 Questions
274 Plays
274 Plays
274 Plays
Comments
Comments
Give Quiz Kudos
Give Quiz Kudos
-
- Ratings
hide this ad
Replay
Link that replays current quiz
Next Quiz
Link to next quiz in quiz playlist
You Got
0%
They Got
Avg Score
60%
Avg Friend Score
Upgrade to see
Score Distribution
Jump to the score distribution portion of the page
Score
0/20
Timer
07:00
0
Plays Today
Artist
Song
% Correct
Katy Perry
I Kissed A Girl
93.1%
Cee Lo Green
F**k You
86.9%
Michael Jackson
Thriller
82.1%
Spice Girls
Wannabe
80.3%
Avril Lavigne
Girlfriend
79.6%
Rihanna
Umbrella
78.5%
Bon Jovi
You Give Love A Bad Name
72.3%
Bee Gees
Staying Alive
70.1%
Eminem ft. Rihanna
Love The Way You Lie
69.3%
No Doubt
Don't Speak
60.6%
Artist
Song
% Correct
Nirvana
Smells Like Teen Spirit
60.2%
Led Zeppelin
Stairway to Heaven
59.1%
Beyonce
Crazy In Love
58%
Britney Spears
Toxic
43.8%
America
A Horse With No Name
43.1%
Metallica
Master of Puppets
42.7%
Bob Dylan/
Guns N Roses
Knocking on Heaven's Door
39.8%
Rage Against the Machine
Killing in the Name
35%
System of a Down
B.Y.O.B
32.1%
Snap
Rhythm Is A Dancer
16.4%
Quiz Playlist
Details
Report
Send in Message
Add To Playlist
Classic:
Type in answers that appear in a list
Last Updated: Feb 16, 2017
Quiz Scoreboard
CHALLENGE
Sign Up to Join the Scoreboard
Show All
Scores
Hide
Comments
May contain spoilers
Recently Published
Presidents Visiting Landmarks
by Hejman
History
7m
An Introduction to Baseball
by treessimontrees
Sports
5m
Movies - When Are They Set?
by FPL_Elf
Movies
5m
More to Explore
Quiz From the Vault
Featured Blog Post
Where Did the Easter Bunny Come From?
hide this ad
You Might Also Like...
Tags
Artist Quiz
Song Quiz
Today's Top Quizzes in Music
Browse Music
hide this ad
Today's Top Quizzes in Artist
Browse Artist
Top Contributed Quizzes in Music
1
Taylor Swift All Songs (2024)
2
Guess the Artist- 70s Songs
3
Taylor Swift Logic Puzzle
4
KPOP LOGIC QUIZ
5
One Thing in Common: Music
6
2010s Album by Cover III
7
7-to-1: Billboard Hot 100 #1 Hits of 2010s
8
Guess the Taylor Swift song (Mystery Song)
9
Sorting Albums and Songs
10
2000s Album Cover Bunker
Explore More
Trending Topics
Anime
Kpop
Marvel
Crossword
Disney
Harry Potter
NBA
Song
Country
Soccer
WWE
Pokémon
Puzzle
The Office
NFL
hide this ad
More By:
thomasdim95
Quiz
Plays
Rating
Category
Featured
Created
70's Music Without Lyrics
5,668
4.83
Music
Sep 16, 2013
70's Music Without Lyrics 2
3,034
4.59
Music
Nov 22, 2014
8 Letter Songs (Clips)
2,732
4.32
Music
Mar 4, 2015
'Rock' Songs (Clips)
2,620
4.65
Music
May 28, 2017
'Back' Songs (clips)
2,319
4.50
Music
Aug 16, 2017
Go to Creator's Profile
Score Distribution
Quiz Creator Spotlight
thomasdim95
Follow
Send a Message
Quizzes Created
-
Created Quiz Play Count
-
More By This Creator
Popular Quizzes Today
1
Find the US States - No Outlines Minefield
2
Find the Countries of Europe - No Outlines Minefield
3
The Countries of the World
4
Find the US States
5
Popular People in 1961
6
US States
7
Risky Map Clicking: Biggest States A-Z
8
1-10 Letter E Words III
More Music Quizzes
Complete the Ariana Grande Song with a Picture
Quiz Lab
Trending Quizzes
Risky Map Clicking: Least Populous States A-Z
1-10 Letter G Words
1-10 Letter F Words
Risky Map Clicking: Next State Alphabetically
Risky Map Clicking: Biggest States A-Z
Recently Updated
Leaping Animals
pecheneg
Reality TV Shows (A-Z)
bhenderson79
Rickey Henderson's Hall of Fame Teammates
pecheneg
Champions League XIs: Arsenal
pecheneg
Quick Pick: Celebrities in WWE's Hall of Fame
aduchscher
A-Z Keypad Blitz II
pecheneg
Multiple Oscar Actors
pecheneg
Mystery Phrase Blitz: Oscar 'Best Actors'
pecheneg
F. Scott Fitzgerald Novels
LTH
Pick 3 Villains
ddd62291
Trending Topics
Harry Potter
Disney
NBA
Marvel
Anime
Crossword
Kpop
Soccer
Pokémon
Puzzle
The Office
WWE
Song
Country
NFL
Your Account Isn't Verified!
In order to create a playlist on Sporcle, you need to verify the email address you used during registration. Go to your
Sporcle Settings
to finish the process.
Report this User
Report this user for behavior that violates our
Community Guidelines
.
Details:
Send Report
Go to the Sporcle.com Mobile Site →
Comments